Normal view
MARC view
- Izzo J. & Vanderwielen J
Entry Personal Name
001 - CONTROL NUMBER
- control field: 201241
003 - CONTROL NUMBER IDENTIFIER
- control field: OSt
005 - DATE AND TIME OF LATEST TRANSACTION
- control field: 20230714220424.0
008 - FIXED-LENGTH DATA ELEMENTS
- fixed length control field: 230714|| aca||aabn | a|a d
040 ## - CATALOGING SOURCE
- Original cataloging agency: OSt
- Transcribing agency: OSt
100 ## - HEADING--PERSONAL NAME
- Personal name: Izzo J. & Vanderwielen J
670 ## - SOURCE DATA FOUND
- Source citation: Work cat.: (OSt)224523: Izzo J. 201240, The Purpose Revolution, 2018